| 000 | 00407nam a2200145Ia 4500 | ||
|---|---|---|---|
| 999 |
_c5914 _d5914 |
||
| 020 | _a9780443101861 | ||
| 082 |
_a612.015 _bMAR _27666 |
||
| 100 | _aMarshall,William J. | ||
| 245 | 0 |
_aClinical Biochemistry Metabolic and Clinical aspects _cMarshall,William J. |
|
| 250 | _a2nd | ||
| 260 |
_aEdinburgh _bChurchill Livingstone Elsevier _c2008 |
||
| 300 |
_a984 _bill |
||
| 650 | _aBiochemistry. | ||
| 942 |
_cBK _2ddc |
||